Advances in acoustic microscopy and high resolution imaging (Record no. 67821)
[ view plain ]
| 000 -LEADER | |
|---|---|
| fixed length control field | 01363nam a2200301 a 4500 |
| 245 00 - TITLE STATEMENT | |
| Title | Advances in acoustic microscopy and high resolution imaging |
| 260 ## - PUBLICATION, DISTRIBUTION, ETC. (IMPRINT) | |
| Place of publication | Weinheim : |
| Name of publisher | Wiley, |
| Year of publication | 2013. |
| 300 ## - PHYSICAL DESCRIPTION | |
| Number of Pages | xxxi, 381 p. : |
| Other physical details | ill. |
| 505 0# - FORMATTED CONTENTS NOTE | |
| Formatted contents note | pt. 1. Fundamentals -- pt. 2. Novel development in advanced imaging techniques and methods -- pt. 3. Advanced biomedical applications -- pt. 4. Advanced materials applications. |
| 650 #0 - SUBJECT ADDED ENTRY--TOPICAL TERM | |
| Topical Term | Acoustic microscopy. |
| Topical Term | High resolution imaging. |
| 700 1# - ADDED ENTRY--PERSONAL NAME | |
| Personal name | Maev, Roman Gr. |
| 856 40 - ELECTRONIC LOCATION AND ACCESS | |
| Uniform Resource Identifier | http://site.ebrary.com/lib/rucke/Doc?id=10660580 |
No items available.
